Pociąg "IC WAWEL" wszystkie stacje na trasie przebiegu 2025/2026 rok. - Statystyki

Ogólne statystyki
  • Ten quiz został rozwiązany 48 razy
  • Średni wynik to 20 z 25
Statystyki odpowiedzi
Hint Odpowiedź % Poprawnych
12 Katowice
98%
11 Kraków Główny
98%
1 Przemyśl Główny
95%
6 Rzeszów Główny
93%
14 Gliwice
90%
10 Kraków Płaszów
90%
16 Opole Główne
90%
17 Wrocław Główny
90%
8 Tarnów
85%
9 Bochnia
83%
3 Jarosław
83%
13 Zabrze
83%
21 Zielona Góra Główna
80%
7 Dębica
78%
2 Przemyśl Zasanie
78%
4 Przeworsk
78%
15 Kędzierzyn Koźle
75%
5 Łańcut
75%
22 Rzepin
70%
23 Frankfurt Oder
68%
18 Legnica
68%
19 Lubin
68%
20 Głogów
60%
25 Berlin Hauptbahnhof
48%
24 Berlin Ostbahnhof
40%
Nie znaleziono quizów pasujących do podanych kryteriów
Rozkład punktacji
Procent ludzi z każdym wynikiem
Percentyl według liczby udzielonych odpowiedzi
Twoja historia wyników
Nie rozwiązałeś tego quizu